Advanced graphics with the IBM Personal Computer

Bibliographic Details
Main Author: Angell, Ian O. (Author)
Format: Book
Published: New York : Halsted Press , 1985
Subjects:

MARC

LEADER 00000cam a2200000 7i4500
001 0000003951
005 20021118093000.0
008 021118n
020 |a 0470201347 
090 0 0 |a T385   |b .A518 
100 0 |a Angell, Ian O. ,   |e author 
245 0 0 |a Advanced graphics with the IBM Personal Computer   |c Ian O. Angell 
260 2 |a New York :   |b Halsted Press ,   |c 1985 
300 |a 273 p. ; ;   |c 23 cm. 
504 |a Includes index 
650 0 |a Computer graphics 
650 0 |a IBM Personal Computer   |x Programming 
999 |a 1000032946   |b Book   |c OPEN SHELF (30 DAYS)   |e Gong Badak Campus